000 00388nam a2200157 i 4500
001 bg
100 1 _aKOLBBIŃSKI, K.
245 0 _aMateriałoznawstwo elektrotechniczne /
_cK. Kolbinski, Z. Słowikowski.
250 _aWyd.2.
260 _aWarszawa,
_c1978.
700 1 _aSŁOWIKOWSKI, Z.
040 _cBPK
041 _apol
942 _cKS
008 s pl f |000 0 pol
999 _c2212
_d2212
856 _uhttp://koha.tu.koszalin.pl/cgi-bin/koha/opac-detail.pl?biblionumber=2212
_yKatalog online BPK